[Event "Wch Seniors 65 29th"]
[Site "Bucharest"]
[Date "2019.11.22"]
[Round "10"]
[White "Muratoglu, Salih"]
[Black "Bowmer, Kevin"]
[Result "0-1"]
[WhiteElo "1935"]
[BlackElo "2084"]
[PlyCount "44"]
[EventDate "2019.11.12"]
[EventType "swiss"]
[EventRounds "11"]
[EventCountry "ROU"]
[SourceTitle "CBM 193 Extra"]
[Source "ChessBase"]
[SourceDate "2020.01.31"]
[SourceVersion "1"]
[SourceVersionDate "2020.01.31"]
[SourceQuality "1"]

1. d4 Nf6 2. c4 g6 3. Nc3 d5 4. Bg5 Ne4 5. Bf4 Nxc3 6. bxc3 dxc4 7. e4 Bg7 8. Bxc4 c5 9. Nf3 Nc6 10. e5 cxd4 11. cxd4 e6 12. 0-0 0-0 13. Rb1 b6 14. Bg5 Qd7 15. Bb5 Bb7 16. Qd2 Rac8 17. Qf4 a6 18. Be2 b5 19. Bf6 Ne7 20. Rb3 Nd5 21. Qh4 Nc3 22. Qg5 h6 0-1

[Event "Wch Seniors 65 29th"]
[Site "Bucharest"]
[Date "2019.11.15"]
[Round "4"]
[White "Muratoglu, Salih"]
[Black "Tsynman, Boris"]
[Result "1-0"]
[WhiteElo "1935"]
[BlackElo "2108"]
[PlyCount "97"]
[EventDate "2019.11.12"]
[EventType "swiss"]
[EventRounds "11"]
[EventCountry "ROU"]
[SourceTitle "CBM 193 Extra"]
[Source "ChessBase"]
[SourceDate "2020.01.31"]
[SourceVersion "1"]
[SourceVersionDate "2020.01.31"]
[SourceQuality "1"]

1. d4 Nf6 2. c4 g6 3. Nc3 Bg7 4. e4 d6 5. Nf3 0-0 6. Be2 Na6 7. Bg5 c5 8. d5 h6 9. Bf4 Nc7 10. Qd2 Kh7 11. h3 a6 12. a4 b6 13. g4 Ng8 14. h4 Bxg4 15. Ng5+ hxg5 16. hxg5+ Bh5 17. Bxh5 gxh5 18. Qe2 e5 19. Qxh5+ Nh6 20. gxh6 Bf6 21. Be3 Qd7 22. Kd2 Rg8 23. Rag1 Rg6 24. Rg3 Rag8 25. Rf3 b5 26. b3 bxc4 27. bxc4 Ne8 28. Rb1 Qc7 29. Qf5 Rf8 30. Kd3 Bd8 31. Rg3 Rfg8 32. Rb6 Kh8 33. Rc6 Qb7 34. Rxg6 Rxg6 35. Qc8 Qe7 36. Rxa6 Rg8 37. Nb5 Nf6 38. Ra7 Qf8 39. Qb7 Ng4 40. Qxf7 Qxf7 41. Rxf7 Nxe3 42. fxe3 Bg5 43. Nxd6 Ra8 44. Rc7 Bxh6 45. Nf7+ Kg7 46. Nxe5+ Kg8 47. Rxc5 Rxa4 48. Ng4 Ra3+ 49. Kd4 1-0

[Event "Wch Seniors 65 28th"]
[Site "Bled"]
[Date "2018.11.26"]
[Round "8"]
[White "Muratoglu, Salih"]
[Black "Pastor Alonso de Prado, Emilio Alberto"]
[Result "1/2-1/2"]
[WhiteElo "1942"]
[BlackElo "2102"]
[PlyCount "144"]
[EventDate "2018.11.18"]
[EventType "swiss"]
[EventRounds "11"]
[EventCountry "SLO"]
[SourceTitle "CBM 187 Extra"]
[Source "ChessBase"]
[SourceDate "2018.11.04"]
[SourceVersion "1"]
[SourceVersionDate "2018.11.04"]
[SourceQuality "1"]

1. d4 e6 2. c4 d5 3. Nf3 Nf6 4. Bf4 c5 5. e3 Nc6 6. a3 Qb6 7. Nc3 Qa5 8. dxc5 dxc4 9. Bxc4 Qxc5 10. Qd3 Be7 11. b4 Qf5 12. Qxf5 exf5 13. Nb5 0-0 14. Nc7 Rb8 15. b5 Na5 16. Nd5 Nxd5 17. Bxd5 Ra8 18. Nd4 Rd8 19. Ba2 Bd6 20. Bg5 Re8 21. 0-0 Bd7 22. Rfd1 Bc5 23. a4 Rac8 24. Bd5 Kf8 25. Bf4 Ke7 26. Nf3 Be6 27. Bxe6 Kxe6 28. Ng5+ Ke7 29. Rd5 f6 30. Nf3 Red8 31. Rxd8 Kxd8 32. h4 Ke7 33. h5 Bd6 34. Bxd6+ Kxd6 35. Rd1+ Ke7 36. Rd4 b6 37. Nh4 Ke6 38. Rf4 Rc5 39. Nf3 g6 40. h6 Rc1+ 41. Kh2 Rc4 42. Nd4+ Kd5 43. g4 Rxa4 44. Ne2 Rc4 45. Kg3 Nb3 46. f3 Nc5 47. gxf5 g5 48. Rxc4 Kxc4 49. Nd4 a5 50. bxa6 Nxa6 51. Ne6 b5 52. Nf8 b4 53. Nxh7 b3 54. Nxg5 b2 55. Ne4 Kd3 56. h7 b1Q 57. h8Q Qg1+ 58. Kf4 Qxe3+ 59. Kg4 Qg1+ 60. Ng3 Qd4+ 61. Kh3 Nb4 62. Qe8 Nd5 63. Qe2+ Kc3 64. Qe4 Qd3 65. Qa4 Kd2 66. Qe4 Kc3 67. Kg4 Ne3+ 68. Kh5 Qxe4 69. fxe4 Kd4 70. Kg6 Ke5 71. Nh5 Kxe4 72. Nxf6+ Ke5 1/2-1/2

[Event "Wch Seniors 65 28th"]
[Site "Bled"]
[Date "2018.11.21"]
[Round "4"]
[White "Muratoglu, Salih"]
[Black "Tsynman, Boris"]
[Result "0-1"]
[WhiteElo "1942"]
[BlackElo "2074"]
[PlyCount "100"]
[EventDate "2018.11.18"]
[EventType "swiss"]
[EventRounds "11"]
[EventCountry "SLO"]
[SourceTitle "CBM 187 Extra"]
[Source "ChessBase"]
[SourceDate "2018.11.04"]
[SourceVersion "1"]
[SourceVersionDate "2018.11.04"]
[SourceQuality "1"]

1. e4 c5 2. Nf3 d6 3. d4 cxd4 4. Nxd4 Nf6 5. Nc3 g6 6. Bc4 Bg7 7. 0-0 0-0 8. h3 Nc6 9. Be3 a6 10. a4 Bd7 11. f4 Rc8 12. Qe2 Qa5 13. Bb3 Nxe4 14. Nxc6 Bxc6 15. Nxe4 Bxe4 16. Bf2 d5 17. c3 e6 18. Be3 Rfe8 19. Qf2 Rc6 20. Rfe1 Bf8 21. Bd1 Bc5 22. g4 Bxe3 23. Rxe3 Rec8 24. Ra3 Qd8 25. Rb3 Rb6 26. Ra3 Qd6 27. a5 Rbc6 28. Rb3 R6c7 29. Re1 Bd3 30. Rb6 Qc5 31. Re3 Be4 32. b4 Qe7 33. f5 exf5 34. gxf5 Qg5+ 35. Rg3 Qxf5 36. Qd4 Qf4 37. Re3 Qg5+ 38. Kf1 Qg2+ 39. Ke1 Qg1+ 40. Kd2 Rxc3 41. Rxe4 Qg5+ 42. Re3 Ra3 43. Qe5 Qg2+ 44. Re2 Ra2+ 45. Kd3 Qf3+ 46. Qe3 Ra3+ 47. Kd2 Rxe3 48. Rxe3 Qf2+ 49. Be2 Rc2+ 50. Kd3 Qf4 0-1

[Event "Wch Seniors 65 28th"]
[Site "Bled"]
[Date "2018.11.19"]
[Round "2"]
[White "Muratoglu, Salih"]
[Black "Rovira Mas, Jorge"]
[Result "1-0"]
[WhiteElo "1942"]
[BlackElo "2290"]
[PlyCount "93"]
[EventDate "2018.11.18"]
[EventType "swiss"]
[EventRounds "11"]
[EventCountry "SLO"]
[SourceTitle "CBM 187 Extra"]
[Source "ChessBase"]
[SourceDate "2018.11.04"]
[SourceVersion "1"]
[SourceVersionDate "2018.11.04"]
[SourceQuality "1"]

1. e4 c5 2. Nf3 e6 3. d4 cxd4 4. Nxd4 a6 5. Nc3 Qc7 6. Bd3 Nf6 7. 0-0 Be7 8. Be3 b5 9. a3 d6 10. Qf3 Bb7 11. Rad1 Nbd7 12. Qg3 g6 13. Bh6 Nc5 14. Qf3 Nfd7 15. Qg3 Ne5 16. Bg7 Rg8 17. Bxe5 dxe5 18. Nf3 Nd7 19. Be2 0-0-0 20. Rd3 Nc5 21. Re3 Bd6 22. b4 Nd7 23. Rd1 Bc6 24. Ng5 Nb6 25. Rf3 Rg7 26. Qh3 Be8 27. Nd5 Qb7 28. Nf6 Bf8 29. Rxd8+ Kxd8 30. Rd3+ Bd7 31. Ngxh7 Be7 32. Qh6 Rxh7 33. Nxh7 Qxe4 34. Rd1 Qf4 35. Qxf4 exf4 36. g3 e5 37. h4 f6 38. gxf4 exf4 39. Rd4 g5 40. h5 Ke8 41. c4 bxc4 42. h6 Kf7 43. Bh5+ Kg8 44. Bg6 f3 45. Kf1 Bc6 46. Nxf6+ Bxf6 47. Rd6 1-0

[Event "Wch Seniors 65 26th"]
[Site "Marianske Lazne"]
[Date "2016.11.22"]
[Round "4"]
[White "Muratoglu, Salih"]
[Black "Myall, Ivan J"]
[Result "1/2-1/2"]
[WhiteElo "1897"]
[BlackElo "2042"]
[PlyCount "134"]
[EventDate "2016.11.19"]
[EventType "swiss"]
[EventRounds "11"]
[EventCountry "CZE"]
[SourceTitle "CBM 175 Extra"]
[Source "ChessBase"]
[SourceDate "2016.12.12"]
[SourceVersion "1"]
[SourceVersionDate "2016.12.12"]
[SourceQuality "1"]

1. d4 d5 2. Nf3 c6 3. c4 e6 4. e3 Nf6 5. Nc3 Bd6 6. Ne5 0-0 7. f4 c5 8. cxd5 exd5 9. Bd3 c4 10. Bc2 Nc6 11. 0-0 a6 12. h3 Ne7 13. g4 Ne8 14. Qe1 Bxe5 15. dxe5 f5 16. Qh4 Be6 17. Ne2 Qd7 18. Nd4 g6 19. Bd2 Rf7 20. Rad1 Nc6 21. Nxe6 Qxe6 22. gxf5 gxf5 23. Kh2 Kh8 24. Bc3 Rg7 25. Qh5 Ne7 26. Rg1 Rxg1 27. Rxg1 Ng7 28. Qg5 Ng6 29. h4 Rg8 30. h5 Ne7 31. Qf6 d4 32. Bxd4 Nd5 33. Qg5 h6 34. Qh4 Ne7 35. Qf6 Nd5 36. Qg6 Ne7 37. Qxe6 Nxe6 38. Rxg8+ Kxg8 39. Bc3 Ng7 40. e4 b5 41. Bb4 Nc6 42. Bc5 Nxh5 43. exf5 Nxf4 44. e6 Nd3 45. Bd6 Nd4 46. e7 Kf7 47. Bd1 Nf4 48. Bxf4 Kxe7 49. Bg4 Kf6 50. Bxh6 Nxf5 51. Bd2 Ke5 52. Bc3+ Ke4 53. Kg1 Ne3 54. Be2 Nd5 55. Be1 Nf4 56. Kf1 Ke3 57. Bg4 Nd3 58. Bc3 b4 59. Bf6 Kd2 60. Bf5 Nxb2 61. Be6 a5 62. Bd8 c3 63. Bg5+ Kd3 64. Ke1 a4 65. Be7 b3 66. axb3 axb3 67. Bxb3 c2 1/2-1/2

[Event "EU-ch Seniors 65 16th"]
[Site "Yerevan"]
[Date "2016.06.06"]
[Round "2"]
[White "Patola, Eero"]
[Black "Muratoglu, Salih"]
[Result "0-1"]
[WhiteElo "1926"]
[BlackElo "2053"]
[PlyCount "70"]
[EventDate "2016.06.05"]
[EventType "swiss"]
[EventRounds "9"]
[EventCountry "ARM"]
[SourceTitle "CBM 172 Extra"]
[Source "ChessBase"]
[SourceDate "2016.06.21"]
[SourceVersion "1"]
[SourceVersionDate "2016.06.21"]
[SourceQuality "1"]

1. e4 d6 2. c4 c5 3. Nc3 Nc6 4. g3 g6 5. Bg2 Bg7 6. d3 Nf6 7. Nge2 Bg4 8. f3 Bd7 9. h3 a6 10. 0-0 Qc8 11. Kh2 Nh5 12. Nd5 Qd8 13. g4 Nf6 14. f4 e6 15. Ne3 Nd4 16. Ng3 Bc6 17. f5 Nd7 18. Nc2 Qh4 19. Nxd4 Bxd4 20. Bf4 Ne5 21. Nh1 gxf5 22. exf5 h5 23. Bxc6+ bxc6 24. Bxe5 Bxe5+ 25. Kg2 hxg4 26. Qxg4 Qxg4+ 27. hxg4 Rh2+ 28. Kf3 exf5 29. gxf5 Ke7 30. Rab1 Rg8 31. Rf2 Rh3+ 32. Ke2 Bd4 33. Rf3 Rg2+ 34. Nf2 Rxf3 35. Kxf3 Rxf2+ 0-1

[Event "EU-chT Seniors"]
[Site "Vienna"]
[Date "2015.07.19"]
[Round "8.12"]
[White "Mueller, Gerhard"]
[Black "Muratoglu, Salih"]
[Result "1-0"]
[WhiteElo "2051"]
[BlackElo "2024"]
[PlyCount "167"]
[EventDate "2015.07.12"]
[EventType "team-swiss"]
[EventRounds "9"]
[EventCountry "AUT"]
[SourceTitle "EXT 2018"]
[Source "ChessBase"]
[SourceDate "2017.10.13"]
[SourceVersion "1"]
[SourceVersionDate "2017.10.13"]
[SourceQuality "1"]
[WhiteTeam "Bielefeld Rochade"]
[BlackTeam "Turkey"]
[WhiteTeamCountry "GER"]
[BlackTeamCountry "TUR"]

1. d4 Nf6 2. Nc3 g6 3. e4 d6 4. h3 Bg7 5. Nf3 Nbd7 6. Be2 0-0 7. 0-0 a6 8. a4 c5 9. Be3 cxd4 10. Nxd4 Nc5 11. Bf3 Qb6 12. Qd2 Bd7 13. Nd5 Qd8 14. Nxf6+ Bxf6 15. a5 e5 16. Ne2 Bc6 17. Nc3 Qc7 18. Rfd1 Rfd8 19. Nd5 Bxd5 20. Qxd5 Qe7 21. Bxc5 dxc5 22. Qb3 Qc7 23. Rd5 Rxd5 24. exd5 c4 25. d6 Qxd6 26. Qxc4 Rb8 27. Rd1 Qe7 28. Bg4 Rd8 29. Rxd8+ Qxd8 30. Qc8 Kg7 31. Qxd8 Bxd8 32. Bc8 b5 33. axb6 Bxb6 34. Bxa6 f5 35. b4 Bd4 36. Kf1 Kf6 37. Ke2 Ke6 38. Bc4+ Ke7 39. f3 Bc3 40. b5 Bd4 41. Kd3 h5 42. Bd5 g5 43. Kc4 Kd6 44. Bf7 h4 45. Bg6 Ke6 46. Kb4 f4 47. Be4 Bb6 48. Kc4 Kd6 49. Bc6 Ba5 50. Kd3 Bb6 51. Ke4 Ba5 52. Kf5 Bd8 53. c4 Bb6 54. Kxg5 Bf2 55. Kf6 Bb6 56. Bd5 Bd4 57. Kg5 Bf2 58. b6 Kd7 59. b7 Kc7 60. Kf6 Bd4 61. Ke6 Bc3 62. c5 Bd4 63. c6 Bc3 64. Be4 Bd4 65. Kd5 Bc3 66. Bd3 Bd4 67. Ke4 Bc3 68. Bf1 Bd4 69. g4 fxg3 70. f4 Ba7 71. Kxe5 Kxc6 72. Bg2+ Kd7 73. Kf5 Bb8 74. Kg5 Ke6 75. f5+ Kf7 76. Kxh4 Kf6 77. Kg4 Be5 78. h4 Bd6 79. h5 Kg7 80. Kg5 Bc7 81. f6+ Kh7 82. Be4+ Kg8 83. Kg6 Bd6 84. f7+ 1-0

[Event "Istanbul Kartal op"]
[Site "Istanbul"]
[Date "2015.06.24"]
[Round "2"]
[White "Chigladze, Iveri"]
[Black "Muratoglu, Salih"]
[Result "1-0"]
[WhiteElo "2345"]
[BlackElo "2039"]
[PlyCount "71"]
[EventDate "2015.06.23"]
[EventType "swiss"]
[EventRounds "9"]
[EventCountry "TUR"]
[SourceTitle "CBM 167 Extra"]
[Source "ChessBase"]
[SourceDate "2015.09.14"]
[SourceVersion "1"]
[SourceVersionDate "2015.09.14"]
[SourceQuality "1"]

1. d4 Nf6 2. c4 g6 3. Nc3 Bg7 4. e4 d6 5. Nf3 Nc6 6. d5 Nb8 7. Be2 0-0 8. h3 c5 9. 0-0 Nbd7 10. Bf4 a6 11. Qd2 Ne5 12. Nxe5 dxe5 13. Bxe5 Nxe4 14. Nxe4 Bxe5 15. Nxc5 b6 16. Nd3 Bd6 17. Rac1 Bf5 18. b4 Bc7 19. f4 a5 20. a3 axb4 21. axb4 Qd6 22. Ne5 Rfd8 23. Bg4 f6 24. Bxf5 fxe5 25. c5 Qf6 26. Be4 bxc5 27. d6 Rxd6 28. Qb2 Rdd8 29. Bxa8 Rxa8 30. fxe5 Qe6 31. bxc5 Bxe5 32. Qb4 Rc8 33. Kh1 Kh8 34. Qe4 Rd8 35. Rfe1 Rd5 36. c6 1-0

[Event "Gebze op 5th"]
[Site "Kocaeli"]
[Date "2014.09.24"]
[Round "8"]
[White "Haj Bakkor, Mohamed"]
[Black "Muratoglu, Salih"]
[Result "1-0"]
[WhiteElo "2119"]
[BlackElo "2037"]
[PlyCount "69"]
[EventDate "2014.09.20"]
[EventType "swiss"]
[EventRounds "9"]
[EventCountry "TUR"]
[SourceTitle "CBM 162 Extra"]
[Source "ChessBase"]
[SourceDate "2014.10.17"]
[SourceVersion "1"]
[SourceVersionDate "2014.10.17"]
[SourceQuality "1"]

1. e4 c6 2. d4 d5 3. e5 Bf5 4. Be3 e6 5. Nd2 Nd7 6. Nb3 c5 7. Nxc5 Bxc5 8. dxc5 Nxe5 9. Bd4 f6 10. Bxe5 fxe5 11. Qh5+ Kf8 12. c3 Qa5 13. Qe2 Qxc5 14. Qxe5 Nf6 15. Nf3 Qb6 16. Qe2 Bg4 17. 0-0-0 Ne4 18. Rd4 Rc8 19. Qe3 Bf5 20. Nd2 Qa5 21. Nxe4 Qxa2 22. Bd3 Qa1+ 23. Kc2 Qxh1 24. Nd6 Bxd3+ 25. Rxd3 Ke7 26. Nf5+ Kf6 27. Qd4+ e5 28. Qxd5 e4 29. Qd6+ Kg5 30. Qe7+ Kf4 31. Qd6+ Kg5 32. Qg3+ Kxf5 33. Rd5+ Kf6 34. Qe5+ Kf7 35. Rd7+ 1-0

[Event "Gebze op 5th"]
[Site "Kocaeli"]
[Date "2014.09.24"]
[Round "7"]
[White "Muratoglu, Salih"]
[Black "Sahin, Ozgun"]
[Result "0-1"]
[WhiteElo "2037"]
[BlackElo "2039"]
[PlyCount "93"]
[EventDate "2014.09.20"]
[EventType "swiss"]
[EventRounds "9"]
[EventCountry "TUR"]
[SourceTitle "CBM 162 Extra"]
[Source "ChessBase"]
[SourceDate "2014.10.17"]
[SourceVersion "1"]
[SourceVersionDate "2014.10.17"]
[SourceQuality "1"]

1. d4 d5 2. c4 c6 3. Nf3 Nf6 4. Nc3 e6 5. Bg5 Be7 6. e3 Nbd7 7. Bd3 0-0 8. 0-0 h6 9. Bh4 dxc4 10. Bxc4 b5 11. Bb3 Bb7 12. Rc1 a6 13. Qe2 c5 14. dxc5 Nxc5 15. Rfd1 Qa5 16. Nd4 b4 17. Nb1 Nxb3 18. Nxb3 Qxa2 19. Rc7 Nd5 20. Rxb7 Bxh4 21. Nd4 Bf6 22. Qd2 Rfd8 23. g3 e5 24. Nc6 Nxe3 25. Nxd8 Nxd1 26. Qxd1 Rxd8 27. Qe1 Qa4 28. Nd2 Qc2 29. Nf1 a5 30. Qa1 Rd1 31. Qxa5 Qd3 32. Qb5 Rxf1+ 33. Kg2 Qxb5 34. Rxb5 Rd1 35. Rxb4 Rd4 36. Rb8+ Kh7 37. b4 e4 38. b5 Be5 39. Re8 f6 40. b6 Rb4 41. Re6 Rb2 42. Kf1 Kg6 43. h4 Kf5 44. Re7 g6 45. b7 Kg4 46. Kg2 e3 47. b8Q 0-1

[Event "Gebze op 5th"]
[Site "Kocaeli"]
[Date "2014.09.23"]
[Round "6"]
[White "Demircin, Kasim"]
[Black "Muratoglu, Salih"]
[Result "0-1"]
[WhiteElo "1983"]
[BlackElo "2037"]
[PlyCount "86"]
[EventDate "2014.09.20"]
[EventType "swiss"]
[EventRounds "9"]
[EventCountry "TUR"]
[SourceTitle "CBM 162 Extra"]
[Source "ChessBase"]
[SourceDate "2014.10.17"]
[SourceVersion "1"]
[SourceVersionDate "2014.10.17"]
[SourceQuality "1"]

1. Nf3 d5 2. g3 Nf6 3. Bg2 g6 4. 0-0 Bg7 5. d4 0-0 6. c3 Nc6 7. b4 a6 8. Qb3 Ne4 9. Nbd2 Bg4 10. h3 Be6 11. Bb2 Qd7 12. Kh2 f5 13. Qc2 h6 14. a4 g5 15. e3 g4 16. Nh4 h5 17. Ng6 Rf6 18. Nf4 Bf7 19. b5 Nd8 20. Nxe4 fxe4 21. c4 c6 22. b6 Ne6 23. cxd5 Nxf4 24. exf4 cxd5 25. a5 Rc8 26. Qd2 h4 27. Rfc1 Rh6 28. Rxc8+ Qxc8 29. Rc1 Qf5 30. Qe3 gxh3 31. Bf1 Bh5 32. Bxa6 hxg3+ 33. fxg3 Qd7 34. Rc7 Qa4 35. Bxb7 Qxa5 36. Rc8+ Kh7 37. Qc3 Qb5 38. Qd2 Rxb6 39. Bxd5 Qxd5 40. Rc5 Qxc5 41. dxc5 Rxb2 42. Qxb2 Bxb2 43. c6 Bg4 0-1

[Event "Gebze op 5th"]
[Site "Kocaeli"]
[Date "2014.09.22"]
[Round "4"]
[White "Benidze, Davit"]
[Black "Muratoglu, Salih"]
[Result "1-0"]
[WhiteElo "2459"]
[BlackElo "2037"]
[PlyCount "95"]
[EventDate "2014.09.20"]
[EventType "swiss"]
[EventRounds "9"]
[EventCountry "TUR"]
[SourceTitle "CBM 162 Extra"]
[Source "ChessBase"]
[SourceDate "2014.10.17"]
[SourceVersion "1"]
[SourceVersionDate "2014.10.17"]
[SourceQuality "1"]

1. d4 d5 2. c4 e6 3. Nf3 Nf6 4. g3 c5 5. Bg2 Nc6 6. 0-0 dxc4 7. dxc5 Qxd1 8. Rxd1 Bxc5 9. Nbd2 c3 10. bxc3 0-0 11. Ne1 Nd5 12. Ne4 Be7 13. c4 Nb6 14. c5 Nc4 15. Nd6 Bxd6 16. cxd6 Rd8 17. Nd3 Rxd6 18. Bf4 Rd8 19. Nc5 Rf8 20. Rac1 N4a5 21. Bc7 b6 22. Nd7 Bb7 23. Nxf8 Rxf8 24. Bf4 e5 25. Bd2 Nd4 26. Bxb7 Nxb7 27. Rc7 Rb8 28. Be3 Ne6 29. Re7 Nbc5 30. Rxa7 f6 31. Rd6 h6 32. Re7 Nf8 33. Rc6 Ncd7 34. Rc7 Ra8 35. Rcxd7 Nxd7 36. Rxd7 Rxa2 37. Rd2 Ra1+ 38. Kg2 Rb1 39. g4 Kf7 40. Rd7+ Kg6 41. h4 Rb2 42. Kf3 e4+ 43. Kxe4 Rxe2 44. g5 hxg5 45. hxg5 fxg5 46. Rd5 Re1 47. Rxg5+ Kf6 48. Rb5 1-0

[Event "Gebze op 5th"]
[Site "Kocaeli"]
[Date "2014.09.20"]
[Round "1"]
[White "Muratoglu, Salih"]
[Black "Kadioglu, Ilhan"]
[Result "1-0"]
[WhiteElo "2037"]
[BlackElo "1502"]
[PlyCount "159"]
[EventDate "2014.09.20"]
[EventType "swiss"]
[EventRounds "9"]
[EventCountry "TUR"]
[SourceTitle "CBM 162 Extra"]
[Source "ChessBase"]
[SourceDate "2014.10.17"]
[SourceVersion "1"]
[SourceVersionDate "2014.10.17"]
[SourceQuality "1"]

1. e4 e5 2. Nf3 Nc6 3. Bc4 Be7 4. c3 Nf6 5. d4 d6 6. d5 Nb8 7. Be2 0-0 8. Qc2 c6 9. dxc6 Nxc6 10. 0-0 h6 11. c4 Nb4 12. Qb3 Nc6 13. Nbd2 b6 14. a3 Be6 15. Qd3 Rc8 16. b4 Bg4 17. h3 Bh5 18. Bb2 a6 19. Rfd1 Qc7 20. Nf1 Bg6 21. Ng3 Nd8 22. Nh4 Ne6 23. Nhf5 Bxf5 24. Nxf5 Nf4 25. Qe3 Nxe2+ 26. Qxe2 Rfd8 27. Rac1 Bf8 28. Qf3 Kh7 29. Ne3 Qc6 30. Nd5 Nxd5 31. Rxd5 Kg8 32. Qg4 Qe8 33. f4 f6 34. f5 Rc6 35. Qe2 Rdc8 36. a4 Qd7 37. b5 axb5 38. axb5 Rc5 39. Rd2 Rd8 40. Ba3 Rc7 41. Qe3 Rb7 42. Rcd1 Qc7 43. Qd3 Rbb8 44. Qd5+ Kh8 45. Qc6 Qxc6 46. bxc6 Rbc8 47. Rb2 Rxc6 48. Rc1 Rdc8 49. Re1 Ra8 50. Re3 Ra4 51. Rc3 Raxc4 52. Rxc4 Rxc4 53. Rxb6 Kh7 54. Rb8 Be7 55. Rb7 Bf8 56. Rb8 Be7 57. Re8 Ra4 58. Bb2 Ra7 59. Kh2 Rd7 60. Ba3 Bd8 61. Kg3 Bb6 62. Kg4 Bc5 63. Bc1 d5 64. Rc8 Bb6 65. Rc6 Bd8 66. exd5 Rxd5 67. Re6 Rd7 68. Kh5 Re7 69. Ba3 Rd7 70. Bd6 Ba5 71. g4 Be1 72. h4 Ra7 73. g5 hxg5 74. hxg5 fxg5 75. Bxe5 Bh4 76. Rg6 Rf7 77. f6 gxf6 78. Bxf6 Rd7 79. Rh6+ Kg8 80. Kg6 1-0

[Event "Istanbul op"]
[Site "Istanbul"]
[Date "2014.09.02"]
[Round "2"]
[White "Muratoglu, Salih"]
[Black "Haznedaroglu, Kivanc"]
[Result "0-1"]
[WhiteElo "2037"]
[BlackElo "2471"]
[PlyCount "86"]
[EventDate "2014.09.01"]
[EventType "swiss"]
[EventRounds "9"]
[EventCountry "TUR"]
[SourceTitle "CBM 162 Extra"]
[Source "ChessBase"]
[SourceDate "2014.10.17"]
[SourceVersion "1"]
[SourceVersionDate "2014.10.17"]
[SourceQuality "1"]

1. d4 Nf6 2. c4 e6 3. Nc3 Bb4 4. Qc2 0-0 5. a3 Bxc3+ 6. Qxc3 b5 7. cxb5 c6 8. bxc6 Nxc6 9. e3 Bb7 10. Nf3 Qb6 11. Bd3 Rfc8 12. Bd2 Ne5 13. dxe5 Rxc3 14. Bxc3 Nd5 15. Bd4 Qa5+ 16. Ke2 Ba6 17. Rhd1 f6 18. Rac1 Rb8 19. Bxa6 Qxa6+ 20. Ke1 Kf7 21. Rd2 Rb7 22. g3 Ne7 23. e4 Nc6 24. Bc3 Na5 25. Rcd1 Qb5 26. exf6 gxf6 27. Bxa5 Qxa5 28. Kf1 Ke7 29. Kg2 Qa4 30. Nd4 Rxb2 31. Rxb2 Qxd1 32. Nf3 Qa4 33. e5 Qxa3 34. Rb7 Qa4 35. Rc7 fxe5 36. Nxe5 Qe4+ 37. Nf3 a5 38. Rc3 a4 39. Re3 Qc6 40. Kh3 Qc5 41. Nd2 a3 42. Nb3 Qf5+ 43. Kg2 a2 0-1

[Event "EU-chT Seniors"]
[Site "Sibenik"]
[Date "2014.04.09"]
[Round "9.8"]
[White "Muratoglu, Salih"]
[Black "Adams, Mark"]
[Result "1/2-1/2"]
[WhiteElo "2020"]
[BlackElo "1978"]
[PlyCount "101"]
[EventDate "2014.04.01"]
[EventType "team-swiss"]
[EventRounds "9"]
[EventCountry "CRO"]
[SourceTitle "CBM 159 Extra"]
[Source "ChessBase"]
[SourceDate "2014.04.24"]
[SourceVersion "1"]
[SourceVersionDate "2014.04.24"]
[SourceQuality "1"]
[WhiteTeam "Turkey Seniors"]
[BlackTeam "Wales Gwent Seniors"]
[WhiteTeamCountry "TUR"]
[BlackTeamCountry "WLS"]

1. d4 Nf6 2. c4 e6 3. Nc3 Bb4 4. Qc2 0-0 5. a3 Bxc3+ 6. Qxc3 b6 7. g3 Bb7 8. Nf3 d6 9. Bg2 Nbd7 10. 0-0 c5 11. Rd1 Qc7 12. b3 Rac8 13. Bb2 Ne4 14. Qe3 Ndf6 15. h3 Rfd8 16. Ne1 cxd4 17. Rxd4 Nc5 18. Bxb7 Nxb7 19. Rad1 Qe7 20. f4 Rd7 21. Qf3 Nc5 22. g4 e5 23. fxe5 dxe5 24. Rxd7 Nfxd7 25. Qd5 Nf6 26. Qf3 Ne6 27. Qe3 Nf4 28. Ng2 Ng6 29. Qd3 h6 30. Qf5 Rd8 31. Rd3 Qc5+ 32. Kh2 Rxd3 33. exd3 Qd6 34. Kg1 Nd7 35. b4 a5 36. Bc3 Ne7 37. Qe4 Qc6 38. Qe2 axb4 39. axb4 Ng6 40. Bd2 Ndf8 41. h4 Ne6 42. Qe4 Qa4 43. h5 Ngf4 44. Nxf4 exf4 45. Qe1 Ng5 46. Kf2 Qd7 47. Bxf4 Nh3+ 48. Kg3 Qxd3+ 49. Be3 Ng5 50. c5 bxc5 51. bxc5 1/2-1/2

[Event "EU-ch Seniors 65 14th"]
[Site "Porto"]
[Date "2014.03.11"]
[Round "3"]
[White "Beznosikov, Vladimir"]
[Black "Muratoglu, Salih"]
[Result "1-0"]
[WhiteElo "2323"]
[BlackElo "2034"]
[PlyCount "50"]
[EventDate "2014.03.09"]
[EventType "swiss"]
[EventRounds "9"]
[EventCountry "POR"]
[SourceTitle "CBM 159 Extra"]
[Source "ChessBase"]
[SourceDate "2014.04.24"]
[SourceVersion "1"]
[SourceVersionDate "2014.04.24"]
[SourceQuality "1"]

1. e4 c6 2. d4 d5 3. exd5 cxd5 4. c4 e6 5. Nf3 Nf6 6. Nc3 Nc6 7. c5 b6 8. Bb5 Bd7 9. Bxc6 Bxc6 10. Ne5 Rc8 11. b4 bxc5 12. bxc5 Qa5 13. Bd2 Qa6 14. Qe2 Qxe2+ 15. Kxe2 Ne4 16. Nxc6 Nxc3+ 17. Bxc3 Rxc6 18. Rhb1 Kd7 19. Rb7+ Rc7 20. Rab1 Kc6 21. Rb8 e5 22. Ba5 Re7 23. Rc8+ Kd7 24. Rd8+ Ke6 25. Rbb8 e4 1-0

[Event "Istanbul op-A 12th"]
[Site "Istanbul"]
[Date "2013.10.14"]
[Round "4"]
[White "Muratoglu, Salih"]
[Black "Satici, Aydin"]
[Result "0-1"]
[WhiteElo "2069"]
[BlackElo "1844"]
[PlyCount "90"]
[EventDate "2013.10.12"]
[EventType "swiss"]
[EventRounds "9"]
[EventCountry "TUR"]
[SourceTitle "EXT 2014"]
[Source "ChessBase"]
[SourceDate "2013.11.20"]
[SourceVersion "1"]
[SourceVersionDate "2013.11.20"]
[SourceQuality "1"]

1. d4 Nf6 2. c4 c5 3. e3 g6 4. Nf3 Bg7 5. Nc3 0-0 6. Be2 cxd4 7. exd4 d5 8. c5 Nc6 9. a3 Ne4 10. Bf4 Bg4 11. Ne5 Bxe2 12. Nxc6 Bxd1 13. Nxd8 Bb3 14. Nxb7 Bxd4 15. Nxe4 dxe4 16. Na5 Ba4 17. 0-0 Bxb2 18. Ra2 Bc3 19. Bd2 Bd4 20. Rc1 e5 21. g3 Rab8 22. Bb4 e3 23. f3 Bd7 24. c6 Be6 25. Re2 Rfc8 26. Kg2 Bd5 27. c7 Rb6 28. Rec2 g5 29. g4 h5 30. h3 e4 31. f4 gxf4 32. Nc6 f3+ 33. Kf1 Bxc6 34. Rxc6 Rxc6 35. Rxc6 hxg4 36. hxg4 Kg7 37. Rc4 Bb6 38. Bd6 e2+ 39. Ke1 Ba5+ 40. Bb4 Rxc7 41. Rxc7 Bxc7 42. Kf2 Bb6+ 43. Ke1 Kg6 44. a4 Kg5 45. a5 Bd4 0-1

[Event "Istanbul op-A 12th"]
[Site "Istanbul"]
[Date "2013.10.13"]
[Round "3"]
[White "Erdogdu, Mert"]
[Black "Muratoglu, Salih"]
[Result "1-0"]
[WhiteElo "2437"]
[BlackElo "2069"]
[PlyCount "57"]
[EventDate "2013.10.12"]
[EventType "swiss"]
[EventRounds "9"]
[EventCountry "TUR"]
[SourceTitle "EXT 2014"]
[Source "ChessBase"]
[SourceDate "2013.11.20"]
[SourceVersion "1"]
[SourceVersionDate "2013.11.20"]
[SourceQuality "1"]

1. e4 d6 2. d4 Nf6 3. Nc3 g6 4. Bg5 Bg7 5. Qd2 h6 6. Bh4 Nbd7 7. 0-0-0 e5 8. dxe5 dxe5 9. f4 Nxe4 10. Qe1 g5 11. Qxe4 gxh4 12. Nf3 0-0 13. fxe5 Re8 14. Bc4 c6 15. Rhf1 Qe7 16. Bxf7+ Qxf7 17. Ng5 hxg5 18. Rxf7 Kxf7 19. Rf1+ Kg8 20. Qg6 Rf8 21. Rxf8+ Nxf8 22. Qxg5 Be6 23. Ne4 Bd5 24. Nf6+ Kf7 25. Qh5+ Ke6 26. c4 Bxg2 27. Qg4+ Kxe5 28. Qxg7 Ke6 29. Ng8 1-0